| Поле | Инд. | ПП | Название | Значение |
|---|---|---|---|---|
| Тип записи | a | |||
| Библиографический уровень | m | |||
| 001 | _ | Контрольный номер | RU/ЭБС IPR BOOKS/104968 | |
| 005 | Дата корректировки | 20250915131012.9 | ||
| 008 | Кодируемые данные | 211122s2019 RU y f j 000 1 rus u | ||
| 020 | a | ISBN | 978-5-907084-93-3 | |
| 040 | c | Служба, преобразующая запись | ЭБС IPR BOOKS | |
| 041 | a | Код языка текста | rus | |
| 044 | a | Код страны публикации | RU | |
| 080 | a | Индекс УДК | 339.9 | |
| 084 | 2 | Источник индекса | rubbk | |
| a | Индекс другой классификации/Индекс ББК | 65.5 | ||
| 100 | 1_ | a | Автор | Маргалитадзе, О. Н. |
| 4 | Код отношения | 070 | ||
| 245 | a | Заглавие | Особенности развития мировой экономики и внешнеэкономической деятельности в условиях глобализации и регионализации | |
| b | Продолж. заглавия | монография | ||
| c | Ответственность | О. Н. Маргалитадзе, В. С. Горбунов | ||
| 250 | g | 2026-03-15 | ||
| a | Основные сведения об издании | Особенности развития мировой экономики и внешнеэкономической деятельности в условиях глобализации и регионализации | ||
| 256 | a | Характеристики компьютерного файла | Электрон. дан. (1 файл) | |
| 260 | a | Место издания | Москва | |
| b | Издательство | Научный консультант | ||
| c | Дата издания | 2019 | ||
| 300 | a | Объем | 170 с. | |
| 500 | a | Примечание | Книга находится в премиум-версии ЭБС IPR BOOKS. | |
| 516 | a | Прим. о типе комп. файла/ данных | Текст | |
| 520 | a | Аннотация | Материалы монографии будут полезны преподавателям, научным работникам, специалистам промышленных, научных предприятий, организаций и учреждений, депутатам, государственным и муниципальным служащим, а также аспирантам, магистрантам и студентам, обучающимся по направлению (специальности) «Менеджмент», в том числе для подготовки по дисциплинам «Национальная экономика», «Региональная экономика», «Мировая экономика и внешнеэкономическая деятельность». | |
| 521 | a | Примеч. о целев. назн. | Гарантированный срок размещения в ЭБС до 15.03.2026 (автопролонгация) | |
| 538 | a | Прим. о системных особенностях | электронный | |
| 653 | a | Ключевые слова | мировая экономика | |
| 653 | a | Ключевые слова | ВЭД | |
| 653 | a | Ключевые слова | международная торговля | |
| 653 | a | Ключевые слова | валютная система | |
| 653 | a | Ключевые слова | капитал | |
| 653 | a | Ключевые слова | мировое хозяйство | |
| 700 | 1_ | a | Другие авторы | Горбунов, В. С. |
| 4 | Код отношения | 070 | ||
| 856 | 4_ | u | URL | http://www.iprbookshop.ru/104968.html |
| z | Примечание для пользователя | Участвует в КО |